书目信息 |
| 题名: |
散文选读
|
|
| 作者: | 曹剑尘 著 | |
| 分册: | ||
| 出版信息: | 上海 少年儿童出版社 1981 |
|
| 页数: | 135页 | |
| 开本: | 19cm | |
| 丛书名: | ||
| 单 册: | ||
| 中图分类: | G624.23 | |
| 科图分类: | ||
| 主题词: | 语文--小学--课外读物 | |
| 电子资源: | ||
| ISBN: | ||
| 000 | 00670nam0 2200241 45 | |
| 001 | 0181005683 | |
| 005 | 20060805092608.56 | |
| 010 | @dCNY0.29 | |
| 091 | @aCN@b7024.54 | |
| 100 | @a19950609d1981 em y0chiy0121 ea | |
| 101 | 0 | @achi |
| 102 | @aCN@b310000 | |
| 105 | @ay z 000cy | |
| 200 | 10 | @a散文选读@Asan wen xuan du@e少年课外阅读辅导@f曹剑尘等著 |
| 210 | @a上海@c少年儿童出版社@d1981 | |
| 215 | @a135页@d19cm | |
| 517 | 1 | @a少年课外阅读辅导@Ashao nian ke wai yue du fu dao |
| 606 | @a语文@x小学@x课外读物 | |
| 690 | @aG624.23@v3 | |
| 701 | 0 | @a曹剑尘@Acao jian chen@4著 |
| 801 | 2 | @aCN@bNLC@c20060805 |
| 801 | 0 | @aCN@bTSSF |
| 905 | @a10447@dG624.23@e174 | |
| 散文选读:少年课外阅读辅导/曹剑尘等著.-上海:少年儿童出版社,1981 |
| 135页;19cm |
| ISBN :CNY0.29 |
| ● |
| 相关链接 |
|
|
|
|
正题名:散文选读
索取号:G624.23/174
 
预约/预借
| 序号 | 登录号 | 条形码 | 馆藏地/架位号 | 状态 | 备注 |
| 1 | 0447067 | 204470679 | 密集书库/ [索取号:G624.23/174] | 在馆 |